Bible General Knowledge #1 - Statistics

General Stats
  • This quiz has been taken 218 times
  • The average score is 9 of 15
Answer Stats
Hint Answer % Correct
What is the first book of the Bible? Genesis
100%
Which part of Adam did God make Eve out of? His Rib
92%
What is the second book of the Bible? Exodus
88%
Who built an ark to save himself and every animal from a flood? Noah
87%
Where was Jesus born? Bethlehem
85%
Who was the first killer in human history? Cain
83%
Where was Jesus raised? Nazareth
76%
Which book of the Bible has 150 chapters? Psalms
73%
Which archangel told Mary about her having baby Jesus? Gabriel
70%
What's the last book of the Bible? Revelations
56%
Which deadly sin is also an animal? Sloth
52%
Where is the above? The State of Palestine
22%
About how many translations of the Bible are there? 900
5%
Which actor is compared to Jesus based on his appearance? Jonathan Roumie
2%
What does the above mean according to the Bible? Song of songs
0%
No matching quizzes found
Score Distribution
Percent of People with Each Score
Percentile by Number Answered
Your Score History
You have not taken this quiz